LEADER 00957nam0 2200253 450 001 000037991 005 20250508130116.0 010 $a88-453-1183-X 100 $a20250508d2002----km-y0itay50------ba 101 0 $aita 102 $aIT 105 $ay-------001yy 200 1 $a«La »gestione delle risorse umane nei distretti industriali$elavoro e partecipazione nelle piccole e medie imprese$fSergio Albertini 210 $aMilano$cEtas$d2002 215 $aVII, 241 p. ; 24 cm. 410 0$12001 500 10$a«La »gestione delle risorse umane nei distretti industriali$94373321 676 $a338.60420945$v22$9Organizzazione della produzione. Localizzazione. Italia. 700 1$aAlbertini,$bSergio$0116941 801 0$aIT$bUNIPARTHENOPE$c20250508$gREICAT$2UNIMARC 912 $a000037991 951 $aDISAE 511/205$b8479 ex St.Az.$cNAVA2$d2025 996 $a«La »gestione delle risorse umane nei distretti industriali$94373321 997 $aUNIPARTHENOPE